000
00309nam a22001337a 4500
008
171228b xxu||||| |||| 00| 0 eng d
020
_a
9780130661913
041
_a
eng
080
_a
330
100
_a
62
101
_a
KON
245
_a
GOVERNMENTAL AND NONPROFIT ACCOUNTING
_c
FREEMAN, R.J
942
_2
udc
_c
BK
999
_c
39539
_d
39539